| 000 | 00490nam a2200181Ia 4500 | ||
|---|---|---|---|
| 001 | 10539 | ||
| 005 | 20260306161839.0 | ||
| 008 | 260306t1971||||xx |||||||||||||| ||spa|| | ||
| 041 | _aESP | ||
| 082 |
_a940.2 _bR84 |
||
| 100 |
_aRosell, Cayetano _eAUT |
||
| 245 | 0 | _aHistoria del combate naval de Lepanto, y juicio de la importancia y consecuencia de aquel suceso | |
| 260 | _c1971 | ||
| 300 |
_a206 páginas : _c20 cm. |
||
| 650 | _aGEN | ||
| 654 | _aCHU | ||
| 942 |
_cLIB _dJUS _fJUS _2ddc _n |
||
| 999 |
_c10539 _d10539 |
||